<?xml version="1.0" encoding="UTF-8"?>
<record
    xmlns:xsi="http://www.w3.org/2001/XMLSchema-instance"
    xsi:schemaLocation="http://www.loc.gov/MARC21/slim http://www.loc.gov/standards/marcxml/schema/MARC21slim.xsd"
    xmlns="http://www.loc.gov/MARC21/slim">

  <leader>01528nam a22002177a 4500</leader>
  <controlfield tag="003">OSt</controlfield>
  <controlfield tag="005">20230913145454.0</controlfield>
  <controlfield tag="008">140619b        xxu||||| |||| 00| 0 eng d</controlfield>
  <datafield tag="020" ind1=" " ind2=" ">
    <subfield code="a">0273617133</subfield>
  </datafield>
  <datafield tag="040" ind1=" " ind2=" ">
    <subfield code="c">WIUC-GH</subfield>
  </datafield>
  <datafield tag="050" ind1=" " ind2=" ">
    <subfield code="a">HD30.22.C77</subfield>
  </datafield>
  <datafield tag="100" ind1=" " ind2=" ">
    <subfield code="a">COOK, Mark</subfield>
    <subfield code="9">2404</subfield>
  </datafield>
  <datafield tag="245" ind1=" " ind2=" ">
    <subfield code="a">Business economics  : strategy and applications. /</subfield>
    <subfield code="c">Mark Cook and Corri Farquharson</subfield>
  </datafield>
  <datafield tag="260" ind1=" " ind2=" ">
    <subfield code="a">Harlow, England :</subfield>
    <subfield code="b">Prentice Hall,</subfield>
    <subfield code="c">1998.</subfield>
  </datafield>
  <datafield tag="300" ind1=" " ind2=" ">
    <subfield code="a">xxii, 602 p.:</subfield>
    <subfield code="b">ills.;</subfield>
  </datafield>
  <datafield tag="500" ind1=" " ind2=" ">
    <subfield code="a">Includes Index</subfield>
  </datafield>
  <datafield tag="505" ind1=" " ind2=" ">
    <subfield code="a">Contents: The scope of business economics -- The organization and its environment -- Business objectives, ethics and corporate governance -- Alternative models of the organisation -- Consumer behaviour -- Demand and elasticity -- Estimating and forecasting -- Determinants and behaviour of costs -- Pricing decisions -- Pricing practices -- Non-price competition and the marketing mix -- Investment decisions and the cost of capital -- Techniques for decision making under conditions of uncertainty and risk -- Elemtns of business strategy -- Analyzing the structure of competition -- Competitive weapons -- Transaction cost economics -- Difference and reputation as strategic tools -- Quality and the economics of the organisation -- Business issues and the environment -- The globalisation of business activities -- Government intervention -- The changing boundaries of the organisation -- The labour market

</subfield>
  </datafield>
  <datafield tag="650" ind1=" " ind2=" ">
    <subfield code="a">Business economics </subfield>
    <subfield code="9">2405</subfield>
  </datafield>
  <datafield tag="700" ind1=" " ind2=" ">
    <subfield code="a">Farquharson, Corri</subfield>
    <subfield code="9">2406</subfield>
  </datafield>
  <datafield tag="942" ind1=" " ind2=" ">
    <subfield code="2">lcc</subfield>
    <subfield code="c">BK</subfield>
  </datafield>
  <datafield tag="999" ind1=" " ind2=" ">
    <subfield code="c">10050</subfield>
    <subfield code="d">17550</subfield>
  </datafield>
  <datafield tag="952" ind1=" " ind2=" ">
    <subfield code="0">0</subfield>
    <subfield code="1">0</subfield>
    <subfield code="2">lcc</subfield>
    <subfield code="4">0</subfield>
    <subfield code="7">0</subfield>
    <subfield code="a">WIUC-KL</subfield>
    <subfield code="b">WIUC-KL</subfield>
    <subfield code="c">GEN</subfield>
    <subfield code="d">2023-03-20</subfield>
    <subfield code="o">HD30.22.C77</subfield>
    <subfield code="p">K/3163/0261/23</subfield>
    <subfield code="r">2023-09-13 00:00:00</subfield>
    <subfield code="w">2023-09-13</subfield>
    <subfield code="y">BK</subfield>
  </datafield>
</record>
